| 000 | 01077cam a2200349 a 4500 | ||
|---|---|---|---|
| 001 | 5788 | ||
| 003 | FISKH | ||
| 005 | 20250723143516.0 | ||
| 008 | 080201s2008 nyua j 001 0 eng | ||
| 010 | _a 2008004666 | ||
| 020 | _a9780756637514 (pbk.) | ||
| 020 | _a9781465402394 | ||
| 020 | _a9780756637507 (hbk.) | ||
| 040 |
_aDLC _cDLC _dDLC _beng |
||
| 050 | _aQL737.P96 | ||
| 082 | _a599.88 | ||
| 100 | 1 |
_aChambers, Catherine, _d1954- |
|
| 245 | 1 | 0 |
_aApe adventures / _cwritten by Catherine Chambers. |
| 260 |
_aNew York : _bDK Publishing, _c2008. |
||
| 300 |
_a24 pages : _bcolor illustrations ; _c23 cm |
||
| 490 | 0 | _aDk readers level 3 | |
| 500 | _aIncludes index. | ||
| 505 | _aR | ||
| 520 | _aDiscusses some of the instances where humans have studied and helped the ape population. | ||
| 521 | 8 |
_a720
_bLexile |
|
| 521 | 8 |
_aR
_bRaz-Plus |
|
| 650 | 0 |
_aApes _vJuvenile literature. |
|
| 650 | 0 |
_aHuman-animal relationships _vJuvenile literature. |
|
| 906 |
_a7 _bcbc _corignew _d1 _eecip _f20 _gy-gencatlg |
||
| 942 |
_2ddc _cBK _n0 |
||
| 999 |
_c5788 _d5788 |
||